Tous les vainqueurs de la Coupe d'Afrique (CAN) - Statistiques

Statistiques générales
  • Ce quiz a été pris 291 fois
  • Le résultat moyen est 30 sur 34
Statistiques - réponses
Date Équipe % Correct
2010 Égypte
100%
2008 Égypte
100%
2006 Égypte
100%
1998 Égypte
100%
1986 Égypte
100%
1959 Égypte
100%
1957 Égypte
100%
2019 Algérie
99%
1990 Algérie
99%
2024 Côte d'Ivoire
99%
2015 Côte d'Ivoire
99%
1992 Côte d'Ivoire
99%
2021 Sénégal
99%
1976 Maroc
98%
2017 Cameroun
96%
2002 Cameroun
96%
2000 Cameroun
96%
1988 Cameroun
96%
1984 Cameroun
96%
2004 Tunisie
94%
1968 RDC (Kinshasa)
92%
1972 Congo
90%
1996 Afrique du Sud
89%
2013 Nigeria
89%
1994 Nigeria
89%
1980 Nigeria
89%
1982 Ghana
80%
1978 Ghana
80%
1965 Ghana
80%
1963 Ghana
80%
2012 Zambie
79%
1962 Éthiopie
61%
1970 Soudan
58%
1974 RDC (Zaïre)
0%
Aucun quiz correspondant
Distribution des résultats
% des personnes avec chaque résultat
Percentile par nombre de réponses
Votre historique - résultats
Vous n’avez pas pris ce quiz